Like A Rolling Stone - Bob Dylan - All Lyrics - Statistics

General Stats
  • This quiz has been taken 816 times
  • The average score is 275 of 399
Answer Stats
Answer % Correct
a
100%
rolling
98%
stone
98%
Like
97%
like
97%
ya
97%
ya,
97%
you
97%
you?
97%
You
97%
Aw,
96%
to
94%
“Do
93%
it
93%
it,
93%
on
93%
be
92%
does
89%
How
89%
how
89%
the
89%
your
89%
feel?
88%
feel
88%
no
87%
so
84%
unknown,
82%
complete
81%
own?
80%
in
79%
with
79%
With
79%
did
77%
home?
77%
home,
77%
time
77%
when
74%
When
74%
Go
73%
upon
73%
where
73%
he
72%
Once
72%
that
71%
used
70%
all
68%
didn't
68%
direction
68%
fine
68%
And
67%
and
67%
they
67%
Now
66%
now
66%
now,
66%
don't
65%
out
65%
without
65%
ever
64%
say
64%
say,
64%
was
64%
for
63%
see
63%
about
62%
talk
62%
were
62%
not
61%
Who
61%
you're
60%
you’re
60%
You're
60%
dressed
59%
next
59%
meal
58%
get
57%
got
57%
loud
57%
People
57%
people
57%
want
57%
have
56%
laugh
56%
proud
55%
make
52%
prime,
52%
at
51%
hang
51%
having
51%
never
51%
Never
51%
of
51%
seem
51%
But
49%
hangin'
49%
his
49%
scrounging
49%
dime
48%
thought
48%
him
47%
it's
47%
"Beware,
46%
call,
46%
can't
46%
could
46%
deal?"
46%
from
46%
nothin',
46%
nothin'
46%
As
45%
everybody
45%
know
45%
live
44%
ain't
43%
Ain't
43%
a-kiddin'
43%
Threw
43%
fall"
42%
lose
42%
amused
41%
any
41%
doll,
41%
made
41%
Napoleon
41%
street
41%
took
41%
bums
40%
everything
40%
good
40%
let
40%
tricks
40%
cat
39%
gonna
39%
language
39%
rags,
39%
kicks
38%
other
38%
steal
38%
babe
37%
bound
37%
diplomat
37%
he's
37%
into
37%
Siamese
37%
compromise
36%
eyes
36%
invisible
36%
realize
36%
really
36%
wasn't
36%
After
35%
conceal
35%
Lonely
35%
refuse
35%
right,
35%
school,
35%
secrets
35%
Miss
34%
shoulder
34%
shouldn't
34%
better
33%
carried
33%
discover
33%
gone
33%
horse
33%
mystery
33%
pawn
33%
clowns,
32%
finest
32%
ride
32%
selling
32%
hard
31%
only
31%
you've
31%
alibis
30%
around
30%
ring,
30%
tramp
30%
vacuum
30%
diamond
29%
juiced
29%
pretty
29%
stare
29%
take
29%
thinkin'
28%
understood
28%
calls
25%
chrome
25%
jugglers
25%
taught
24%
They're
24%
frowns
23%
turned
23%
gifts
21%
precious
20%
steeple
20%
you'd
20%
Exchangin'
18%
princess
18%
drinkin',
17%
Nobody's
15%
No matching quizzes found
Score Distribution
Percent of People with Each Score
Percentile by Number Answered
Your Score History
You have not taken this quiz